Hombre, naturaleza y Dios: investigación sobre el sentido de la vida
-д хадгалсан:
| Үндсэн зохиолч: | |
|---|---|
| Формат: | Ном |
| Хэл сонгох: | испани |
| Хэвлэсэн: |
Ciudad de México
Herrero Hermanos S. A
1964
|
| Хэвлэл: | 1a. ed |
| Нөхцлүүд: | |
| Шошгууд: |
Шошго нэмэх
Шошго байхгүй, Энэхүү баримтыг шошголох эхний хүн болох!
|
MARC
| LEADER | 00000cam a2200000 a 4500 | ||
|---|---|---|---|
| 001 | UCE0940 | ||
| 003 | CL-VaPUC | ||
| 008 | 140317e19640500mx |||||||||||||||||spa|d | ||
| 082 | 0 | 4 | |a 170 |b NOR |2 21 |
| 100 | |a Northrop, F. S. C. |q (Filmer Stuart Cuckow) |e autor |9 573348 | ||
| 245 | 1 | 0 | |a Hombre, naturaleza y Dios: investigación sobre el sentido de la vida |
| 250 | |a 1a. ed | ||
| 300 | |a 283 p | ||
| 942 | |c BK | ||
| 945 | |d 20140317 10:17:00 |a dcastane | ||
| 260 | |a Ciudad de México |b Herrero Hermanos S. A |c 1964 | ||
| 600 | 0 | |a Dios |9 314467 | |
| 650 | 0 | |a Ética |9 255099 | |
| 650 | 0 | |a Sentido de la vida |9 354830 | |
| 650 | 0 | |a Felicidad |9 257029 | |
| 650 | 0 | |a Naturaleza humana |9 308593 | |
| 583 | |a last modification |c 20140317 10:17:00 |k Rodrigo Vera | ||
| 999 | |c 354936 |d 354934 | ||
| 952 | |0 0 |1 0 |3 erd |4 0 |6 170_000000000000000_NOR_1964 |7 0 |8 A |9 461167 |a BIBTEO |b BIBTEO |i 5050669 |l 1 |o 170 NOR 1964 |p 5050669 |r 2025-01-17 |s 2024-10-14 |w 2019-11-23 |y BK |z Catalogado en:20140317 |k ICR | ||